| 000 | 00914nam a2200301 c 4500 | ||
|---|---|---|---|
| 003 | BLK | ||
| 005 | 20240108115056.0 | ||
| 008 | 180408b bul|||||r ||||||| ||bul|| | ||
| 010 | _aKNG00045017000 | ||
| 020 |
_a0-7105-0750-X _bиздат.: Peter Haddock |
||
| 040 | _aBLK | ||
| 041 |
_aENG _cENG |
||
| 080 |
_aДатска литература _b821.113.4 _x-34 _z821.113.4-34 |
||
| 100 | 1 |
_aAndersen, Hans Christian _eпърви автор _9275404 |
|
| 139 |
_aAndersen, Hans Christian _bA 54 |
||
| 245 | 1 | 0 |
_aThe Snow Queen _cHans Christian Andersen. |
| 257 | _aGBR | ||
| 260 |
_аBridlington _bPeter Haddock _cS. a. |
||
| 300 |
_a[19] c _bс ил. _c20 cm |
||
| 380 | _aX | ||
| 490 | 1 | _aHans Andersen Fairy Tales | |
| 852 | _aЦб 193725 | ||
| 856 | 4 |
_qpdf _u |
|
| 856 | 4 |
_qpdf _u |
|
| 942 |
_cKNG _n0 _06 |
||
| 944 |
_aCR _c05.12.2005 _k30537 _lГрета Цуфелде |
||
| 944 |
_aED _c05.12.2005 _k |
||
| 999 |
_c41452 _d41452 |
||